LDR 02267namaa2200469 i 4500 001 000000178681 003 CaOOAMICUS 005 20260421133232.0 007 tu 008 260421s2025 it b 000 u ita r 020 $z978-88-6894-829-0* 040 $aPUL$bita$erda 082 0 $a234 100 1 $aCarolus de Foucauld,$csanto,$d1858-1916,$eautore.$0(OLS)http://pul/name/40585 245 10$aParleremo della nostra amicizia : $blettere a Gabriel Tourdes /$cCharles de Foucauld ; a cura delle Discepole del Vangelo. 264 4$c©2025. 264 1$aMilano :$bCentro Ambrosiano,$c[2025] 300 $a159 pagine : $bcarte geografiche ; $c21 cm 336 $atesto$btxt$2rdacontent 337 $asenza mediazione$bn$2rdamedia 338 $avolume$bnc$2rdacarrier 490 1 $aOpera Omnia Charles de Foucauld ;$v36 500 $aTraduzione dell'originale francese (Fonds Charles de Foucauld - Archives Diocésaines Viviers) a cura della Discepole del Vangelo. 504 $aBibliografia in nota a piè pagina. 600 14$aFoucauld, Charles Eugène de,$cb.,$d1858-1916.$0(OLS)http://pul/subject/14279 700 1 $aDiscepole del Vangelo,$etraduttore.$0(OLS)http://pul/name/112746 830 0$aOpera Omnia Charles de Foucauld ;$v36.$0(OLS)http://pul/title/219799 850 $aPUL 852 $aPUL$W1$xSL Religione 3$y85$m234 DEFCH 1$j202453$qDDC 21$B207864$CPULBib$Z2$F207864 $H138565 $82 900 $aDe Foucauld, Charles Eugène,$cb.,$d1858-1916$940585 900 $aCarolus de Foucauld,$cb.,$d1858-1916$940585 900 $aCharles de Foucauld,$cb.,$d1858-1916$940585 941 1 $a9 960 $aCharles Eugène de Foucauld,$cb.,$d1858-1916 $914279 960 $aCarolus Eugène de Foucauld,$cb.,$d1858-1916$914279 960 $aDe Foucauld, Charles Eugène, $cb.,$d1858-1916$914279 996 $6020$z978-88-6894-829-0*$9(OLS)http://pul/number/170940 996 $6082$a234$9(OLS)http://pul/classification/573 996 $6245$aParleremo della nostra amicizia : $blettere a Gabriel Tourdes$9(OLS)http://pul/title/220255 996 $6264$aMilano :$bCentro Ambrosiano$9(OLS)http://pul/publisher/64424 996 $6264$a[S.l.] :$b[s.n.]$9(OLS)http://pul/publisher/0